Miasta Polski z imionami - Statystyki

Ogólne statystyki
  • Ten quiz został rozwiązany 58 razy
    16 od ostatniego zresetowania
  • Średni wynik to 18 z 42
Statystyki odpowiedzi
# Miasto Województwo % Poprawnych
A Aleksandrów Łódzki Łódzkie
93%
T Tomaszów Lubelski Lubelskie
86%
T Tomaszów Mazowiecki Łódzkie
86%
A Aleksandrów Kujawski Kujawsko-pomorskie
79%
B Bolesławiec Dolnośląskie
71%
B Bolesławiec Łódzkie
71%
A Augustów Podlaskie
64%
J Jarosław Podkarpackie
64%
J Józefów Lubelskie
64%
J Józefów Mazowieckie
64%
P Piotrków Trybunalski Łódzkie
64%
A Annopol Lubelskie
57%
B Bartoszyce Warmińsko-mazurskie
57%
K Kazimierz Dolny Lubelskie
50%
P Przemyśl Podkarpackie
50%
W Władysławowo Pomorskie
50%
H Halinów Mazowieckie
43%
J Janów Śląskie
43%
J Jędrzejów Świętokrzyskie
43%
J Jordanów Małopolskie
43%
K Konstantynów Łódzki Łódzkie
43%
G Grajewo Podlaskie
36%
J Janów Podlaski Lubelskie
36%
J Józefów nad Wisłą Lubelskie
36%
P Przemków Dolnośląskie
36%
S Stanisławów Mazowieckie
36%
W Wodzisław Śląski Śląskie
36%
J Janów Lubelski Lubelskie
29%
K Kazimierza Wielka Świętokrzyskie
29%
M Mikołów Śląskie
29%
B Braniewo Warmińsko-mazurskie
21%
J Janikowo Kujawsko-pomorskie
21%
J Janowiec Wielkopolski Kujawsko-pomorskie
21%
K Konstancin-Jeziorna Mazowieckie
21%
M Mikołajki Warmińsko-mazurskie
21%
M Miłosław Wielkopolskie
21%
P Piotrków Kujawski Kujawsko-pomorskie
21%
C Czerniejewo Wielkopolskie
14%
M Milanówek Mazowieckie
14%
M Mirosławiec Zachodniopomorskie
14%
B Barczewo Warmińsko-mazurskie
7%
M Mieszkowice Zachodniopomorskie
7%
Nie znaleziono quizów pasujących do podanych kryteriów
Rozkład punktacji
Procent ludzi z każdym wynikiem
Percentyl według liczby udzielonych odpowiedzi
Twoja historia wyników
Nie rozwiązałeś tego quizu od ostatniego zresetowania